000 00304nam a2200121Ia 4500
008 190216s9999||||xx |||||||||||||| ||und||
100 _aTara Shankar Banerjee
245 4 _aThe Judge
260 _bHind Pocket Books Pvt Ltd
_c1967
300 _a103p
650 _aEnglish Novel-English Novel
942 _cBK
999 _c12166
_d12166